00471nam a22001697a 450000500170000000800410001702000180005804000210007604100080009708200130010510000350011824500510015325000120020426000390021630000100025565000360026520250813065518.0250813b |||||||| |||| 00| 0 eng d a9789351741763 aIN-DiNCcIN-DiNC dasm a920bHAZ aHazarika, Chandrakamaleauthor aJanocha pahori jaon/cby Chandrakamal Hazarika a2nd ed. aSivasagar:bMukul Hazarika,c2014. a188p. aMemoir of Chandrakamal Hazarika